Výbor z díla 2
| Main Author: | |
|---|---|
| Format: | Book |
| Language: | Undetermined |
| PhysicalDescription: | 405 s. |
| Published: |
Praha
Svoboda
1949
|
MARC
| LEADER | 00000nam a2200000 a 4500 | ||
|---|---|---|---|
| 001 | vtls001367657 | ||
| 003 | SK-MaSNL | ||
| 005 | 20260301055513.0 | ||
| 008 | 240315s1949 xx 0 und | ||
| 035 | |a SNK000321345 | ||
| 040 | |a SNK |b slo |c SNK |e AACR2 | ||
| 100 | 1 | |a Goethe, Johann Wolfgang von, |d 1749-1832 |4 aut |9 104510 | |
| 245 | 1 | |a Výbor z díla 2 | |
| 260 | |a Praha |b Svoboda |c 1949 | ||
| 300 | |a 405 s. | ||
| 999 | |c 613504 |d 615434 | ||
| 952 | |t P60, <05>, [BOOK], {605} |a SNK |b SNK |y PREZ |7 0 |p 17A0199231 |o snkIB 1019/11.b.2 |0 0 |1 0 |4 0 |d 1999-07-09 |l 0 |r 2005-01-02 00:00:00 |w 2026-02-23 | ||


